| 000 | 00780nam a2200229Ia 4500 | ||
|---|---|---|---|
| 003 | OSt | ||
| 005 | 20251024110131.0 | ||
| 008 | 210716s2009 xx 000 0 und d | ||
| 020 | _a9788184047417 | ||
| 040 | _cAIMIT LIBRARY | ||
| 041 | _aeng | ||
| 082 |
_a005.758 _bMEHC |
||
| 100 |
_aMehrwald, Christian _9242657 |
||
| 245 |
_aData warehousing with SAP BW7 bl in SAP netweaver 2004s : _barchitecture, concepts, and implementation / _cBy Mehrwald, Christian. and Sabine Morlock. |
||
| 250 | _a1st ed. | ||
| 260 |
_aMumbai : _bShroff Publishers and Distributors Pvt Ltd , _c2009. |
||
| 300 |
_axix,806 p.; _bHB _c25 cm. |
||
| 650 |
_aData model _9242658 |
||
| 650 |
_aAnalytical engine _9242659 |
||
| 650 |
_aExtraction and staging _9242660 |
||
| 942 |
_2ddc _cBK _k005.758 MEHC |
||
| 999 |
_c191124 _d191124 |
||